A quel artiste appartient le morceau ? #2 - Statistiques

Statistiques générales
  • Ce quiz a été pris 191 fois
  • Le résultat moyen est 10 sur 15
Statistiques - réponses
Question Réponse % Correct
"Back to black" (2006) Amy Winehouse
100%
'I'm Picky" (2011) Shaka Ponk
100%
"Wake me up" (2013) Avicii
88%
"Soulman" (2010) Ben L'Oncle Soul
88%
"L'effet papillon" (2008) Bénabar
75%
"Caroline" (1991) Mc Solaar
75%
"The house of the rising sun" (1964) The Animals
75%
"Vesoul" (1968) Jacques Brel
63%
"Superstition" (1972) Stevie Wonder
63%
"Thunderstruck" (1990) AC/DC
50%
"I need a dollar" (2010) Aloe Blacc
50%
"Walk on the wild side" (1972) Lou Reed
50%
"Teardrop" (1998) Massive Attack
50%
"In the end" (2000) Linkin Park
38%
"Robot rock" (2005) Daft Punk
25%
Aucun quiz correspondant
Distribution des résultats
% des personnes avec chaque résultat
Percentile par nombre de réponses
Votre historique - résultats
Vous n’avez pas pris ce quiz